| 000 | 00338nam a2200097Ia 4500 | ||
|---|---|---|---|
| 082 | _a158.2 FOUR | ||
| 245 | 0 | _aTalk! : improve self-talk and communication for better relationships : a practical guide | |
| 100 |
_a FOURIE, Margaret Welgemoed [South Africa], 2007 _966729 |
||
| 942 | _cBK | ||
| 008 | 210817s9999 xx 000 0 und d | ||
| 999 |
_c214380 _d214379 |
||